[Event "Öppen"]
[Site "?"]
[Date "2012.05.17"]
[Round "1.1"]
[White "Wiklund, Johan"]
[Black "Rosberg, Simon"]
[Result "0-1"]
[LiveChessVersion "1.3.1"]
[BlackElo "2266"]
[WhiteElo "1858"]

1. Nc3 {[%clk 1:30:31]} c5 {[%clk 1:30:33]} 2. e4 {[%clk 1:30:51]} a6
{[%clk 1:30:46]} 3. a4 {[%clk 1:31:03]} e6 {[%clk 1:31:10]} 4. d3
{[%clk 1:31:08]} Nc6 {[%clk 1:31:08]} 5. g3 {[%clk 1:31:23]} Nf6 {[%clk 1:31:11]}
6. Bg2 {[%clk 1:31:43]} Be7 {[%clk 1:30:25]} 7. h3 {[%clk 1:30:15]} O-O
{[%clk 1:30:12]} 8. Nf3 {[%clk 1:30:20]} d6 {[%clk 1:29:48]} 9. O-O
{[%clk 1:30:33]} Rb8 {[%clk 1:29:43]} 10. Be3 {[%clk 1:28:14]} b5
{[%clk 1:29:01]} 11. axb5 {[%clk 1:28:31]} axb5 {[%clk 1:29:30]} 12. d4
{[%clk 1:20:13]} b4 {[%clk 1:21:51]} 13. Na4 {[%clk 1:20:16]} Nxe4
{[%clk 1:15:58]} 14. Ne1 {[%clk 1:20:22]} f5 {[%clk 1:11:52]} 15. dxc5
{[%clk 1:20:02]} d5 {[%clk 1:12:05]} 16. Nd3 {[%clk 1:19:17]} e5 {[%clk 1:11:24]}
17. Nb6 {[%clk 1:14:35]} Be6 {[%clk 1:09:18]} 18. Qe1 {[%clk 1:12:45]} g5
{[%clk 1:07:47]} 19. Bxe4 {[%clk 1:11:43]} fxe4 {[%clk 1:07:26]} 20. Nxb4
{[%clk 1:11:55]} Nxb4 {[%clk 0:55:16]} 21. Qxb4 {[%clk 1:12:13]} Bxh3
{[%clk 0:55:31]} 22. Rfd1 {[%clk 1:12:12]} Be6 {[%clk 0:49:41]} 23. Ra7
{[%clk 1:06:43]} d4 {[%clk 0:48:18]} 24. c3 {[%clk 1:04:27]} dxe3
{[%clk 0:47:59]} 25. Rxd8 {[%clk 1:03:42]} exf2+ {[%clk 0:48:22]} 26. Kh2
{[%clk 1:03:43]} f1=Q {[%clk 0:48:11]} 0-1

[Event "Öppen"]
[Site "?"]
[Date "2012.05.17"]
[Round "1.2"]
[White "Persson, Börje"]
[Black "Olsson, Simon"]
[Result "0-1"]
[LiveChessVersion "1.3.1"]
[BlackElo "2162"]
[WhiteElo "1820"]

1. e4 {[%clk 1:30:57]} c5 {[%clk 1:30:49]} 2. Nf3 {[%clk 1:31:21]} Nc6
{[%clk 1:31:04]} 3. d4 {[%clk 1:31:38]} cxd4 {[%clk 1:31:27]} 4. Nxd4
{[%clk 1:32:02]} Nf6 {[%clk 1:31:53]} 5. Nc3 {[%clk 1:32:25]} e6 {[%clk 1:32:13]}
6. Ndb5 {[%clk 1:30:39]} Bb4 {[%clk 1:32:31]} 7. a3 {[%clk 1:29:15]} Bxc3+
{[%clk 1:32:47]} 8. Nxc3 {[%clk 1:29:32]} d5 {[%clk 1:33:10]} 9. exd5
{[%clk 1:28:52]} exd5 {[%clk 1:33:30]} 10. Bd3 {[%clk 1:27:52]} O-O
{[%clk 1:33:10]} 11. O-O {[%clk 1:27:54]} d4 {[%clk 1:32:04]} 12. Ne4
{[%clk 1:22:56]} h6 {[%clk 1:23:56]} 13. Qf3 {[%clk 1:17:42]} Nxe4
{[%clk 1:16:53]} 14. Qxe4 {[%clk 1:16:19]} f5 {[%clk 1:16:28]} 15. Bc4+
{[%clk 1:14:05]} Kh7 {[%clk 1:14:13]} 16. Qd5 {[%clk 1:11:06]} Qf6
{[%clk 1:04:59]} 17. Re1 {[%clk 1:05:40]} a6 {[%clk 0:25:38]} 18. Bd2
{[%clk 0:59:43]} b5 {[%clk 0:24:12]} 19. Bb3 {[%clk 0:56:28]} Rd8
{[%clk 0:09:16]} 20. Qf7 {[%clk 0:47:41]} Qxf7 {[%clk 0:05:48]} 21. Bxf7
{[%clk 0:48:00]} Ra7 {[%clk 0:05:32]} 22. Bb3 {[%clk 0:44:38]} g5
{[%clk 0:04:32]} 23. f4 {[%clk 0:40:56]} Kg6 {[%clk 0:04:44]} 24. fxg5
{[%clk 0:40:01]} hxg5 {[%clk 0:05:00]} 25. Be6 {[%clk 0:37:08]} Kf6
{[%clk 0:02:46]} 26. Bb3 {[%clk 0:35:00]} Rh7 {[%clk 0:01:55]} 27. Re2
{[%clk 0:27:29]} f4 {[%clk 0:01:49]} 28. Rae1 {[%clk 0:24:12]} Re7
{[%clk 0:01:23]} 29. Rxe7 {[%clk 0:23:29]} Nxe7 {[%clk 0:01:51]} 30. h4
{[%clk 0:20:31]} Ng6 {[%clk 0:00:36]} 31. hxg5+ {[%clk 0:20:06]} Kxg5
{[%clk 0:01:04]} 32. g3 {[%clk 0:18:28]} Bb7 {[%clk 0:01:02]} 33. Bxf4+
{[%clk 0:16:37]} Nxf4 {[%clk 0:01:08]} 34. gxf4+ {[%clk 0:16:57]} Kxf4
{[%clk 0:01:35]} 35. Re7 {[%clk 0:15:25]} Be4 {[%clk 0:01:45]} 36. Kf2
{[%clk 0:13:52]} Rc8 {[%clk 0:01:26]} 37. Rf7+ {[%clk 0:09:36]} Ke5
{[%clk 0:01:52]} 38. Re7+ {[%clk 0:09:21]} Kf4 {[%clk 0:02:20]} 39. Rf7+
{[%clk 0:09:04]} Kg5 {[%clk 0:02:43]} 40. Ke1 {[%clk 0:35:41]} Bxc2
{[%clk 0:32:06]} 41. Bxc2 {[%clk 0:33:10]} Rxc2 {[%clk 0:32:25]} 42. Ra7
{[%clk 0:29:39]} Rxb2 {[%clk 0:23:07]} 43. Rxa6 {[%clk 0:29:40]} Kf4
{[%clk 0:23:27]} 44. Re6 {[%clk 0:21:49]} Ra2 {[%clk 0:21:24]} 45. Rh6
{[%clk 0:14:17]} Ke3 {[%clk 0:20:23]} 46. Rh3+ {[%clk 0:14:15]} Ke4
{[%clk 0:20:48]} 47. Rb3 {[%clk 0:13:17]} Kd5 {[%clk 0:18:27]} 48. Rxb5+
{[%clk 0:12:50]} Kc4 {[%clk 0:18:52]} 49. Ra5 {[%clk 0:09:22]} Kc3
{[%clk 0:14:51]} 50. Rc5+ {[%clk 0:08:20]} Kd3 {[%clk 0:15:02]} 51. Ra5
{[%clk 0:07:46]} Ra1+ {[%clk 0:15:23]} 52. Kf2 {[%clk 0:08:05]} Kd2
{[%clk 0:15:36]} 53. Ra8 {[%clk 0:07:01]} d3 {[%clk 0:15:32]} 54. a4
{[%clk 0:05:53]} Kc2 {[%clk 0:13:38]} 55. Rc8+ {[%clk 0:05:30]} Kd1
{[%clk 0:12:51]} 56. Rc4 {[%clk 0:05:14]} d2 {[%clk 0:12:21]} 57. Rh4
{[%clk 0:02:45]} Kc2 {[%clk 0:12:35]} 58. Rc4+ {[%clk 0:01:37]} Kb3
{[%clk 0:12:43]} 0-1

[Event "Öppen"]
[Site "?"]
[Date "2012.05.17"]
[Round "1.3"]
[White "Muganlinskij, Hussein"]
[Black "Norqvist, Axel Tiger"]
[Result "1/2-1/2"]
[LiveChessVersion "1.3.1"]
[BlackElo "2022"]
[WhiteElo "1783"]

1. d4 Nf6 2. c4 g6 3. Nc3 Bg7 4. e4 d6 5. h3 O-O 6. Nf3 e5 7. d5 a5 8. Bg5 h6 9.
Be3 Na6 10. Be2 Nh5 11. g3 Kh7 12. Nd2 Nf6 13. g4 Nxe4 14. Ndxe4 f5 15. f3 fxe4
16. Nxe4 Qe7 17. Qd2 Nc5 18. h4 Bd7 19. O-O-O Nxe4 20. fxe4 c6 21. Rdg1 b5 22.
cxb5 cxd5 23. exd5 a4 24. a3 Rac8+ 25. Kb1 e4 26. h5 g5 27. Bd4 Bxd4 28. Qxd4 Rc5
29. Rd1 Bxb5 30. Bxb5 Rxb5 31. Qxa4 Rfb8 32. b4 Qd7 33. Rd4 1/2-1/2

[Event "Öppen"]
[Site "?"]
[Date "2012.05.17"]
[Round "1.4"]
[White "Qwarfort, Fredrik"]
[Black "Flyckt, Jakob"]
[Result "1/2-1/2"]
[LiveChessVersion "1.3.1"]
[BlackElo "1954"]
[WhiteElo "1757"]

1. d4 Nf6 2. c4 e6 3. Nf3 d5 4. g3 Be7 5. Bg2 O-O 6. O-O b6 7. b3 Bb7 8. Ne5 Nbd7
9. f4 Ne4 10. Bb2 Nxe5 11. fxe5 Bg5 12. Qd3 f5 13. exf6 Rxf6 14. Nc3 Nxc3 15.
Bxc3 Qd7 16. Rxf6 Bxf6 17. e4 dxe4 18. Bxe4 Bxe4 19. Qxe4 Rd8 20. Re1 Bxd4+ 21.
Bxd4 Qxd4+ 22. Qxd4 Rxd4 23. Rxe6 1/2-1/2

[Event "Öppen"]
[Site "?"]
[Date "2012.05.17"]
[Round "1.5"]
[White "Lindström, Jan"]
[Black "Pettersson, Börje"]
[Result "1/2-1/2"]
[LiveChessVersion "1.3.1"]
[BlackElo "1922"]
[WhiteElo "1496"]

1. Nc3 g6 2. d4 Bg7 3. Nf3 d6 4. Bf4 Bg4 5. e3 c6 6. Be2 Nd7 7. h3 Bxf3 8. Bxf3
Qb6 9. O-O e5 10. dxe5 dxe5 11. Bh2 Nc5 12. e4 Ne7 13. Qe1 Ne6 14. b3 Nd4 15. Qc1
O-O 16. Na4 Nxf3+ 17. gxf3 Qc7 18. Qe3 f5 19. f4 fxe4 20. Qxe4 exf4 21. Rae1 Nd5
22. c4 Nc3 23. Nxc3 Bxc3 24. Rd1 Rae8 25. Qf3 Bg7 26. Qg4 Re7 27. Rfe1 Rxe1+ 28.
Rxe1 c5 29. Re4 Qc8 30. Qxc8 Rxc8 31. Bxf4 Kf7 32. Kg2 Rd8 33. Re2 Rd3 34. Bb8 a6
35. Ba7 Bd4 36. Bb8 b5 37. cxb5 axb5 38. Rc2 Rc3 1/2-1/2

[Event "Öppen"]
[Site "?"]
[Date "2012.05.18"]
[Round "2.1"]
[White "Rosberg, Simon"]
[Black "Olsson, Simon"]
[Result "0-1"]
[LiveChessVersion "1.3.1"]
[BlackElo "2129"]
[WhiteElo "2266"]

1. d4 {[%clk 1:30:34]} Nf6 {[%clk 1:30:51]} 2. Nf3 {[%clk 1:30:25]} d5
{[%clk 1:30:30]} 3. c4 {[%clk 1:29:52]} e6 {[%clk 1:30:01]} 4. Nc3
{[%clk 1:29:52]} Nbd7 {[%clk 1:29:20]} 5. Bg5 {[%clk 1:26:21]} Bb4
{[%clk 1:29:05]} 6. cxd5 {[%clk 1:20:59]} exd5 {[%clk 1:29:13]} 7. Rc1
{[%clk 1:11:51]} c6 {[%clk 1:27:11]} 8. a3 {[%clk 1:09:38]} Bxc3+
{[%clk 1:23:15]} 9. Rxc3 {[%clk 1:09:44]} Qb6 {[%clk 1:22:52]} 10. Rb3
{[%clk 1:03:38]} Qa5+ {[%clk 1:20:55]} 11. Bd2 {[%clk 1:03:48]} Qc7
{[%clk 1:21:16]} 12. Re3+ {[%clk 1:00:34]} Kf8 {[%clk 1:18:59]} 13. Bb4+
{[%clk 0:56:11]} Kg8 {[%clk 1:18:09]} 14. a4 {[%clk 0:56:15]} Ne4
{[%clk 1:15:17]} 15. Nd2 {[%clk 0:53:43]} Ndf6 {[%clk 1:15:05]} 16. Nxe4
{[%clk 0:45:03]} dxe4 {[%clk 1:13:39]} 17. Ba3 {[%clk 0:43:59]} Bf5
{[%clk 1:11:24]} 18. Rc3 {[%clk 0:22:29]} Nd5 {[%clk 1:04:18]} 19. Rb3
{[%clk 0:22:58]} e3 {[%clk 0:58:39]} 20. fxe3 {[%clk 0:22:00]} Re8
{[%clk 0:58:48]} 21. Qd2 {[%clk 0:21:33]} h5 {[%clk 0:57:47]} 22. Qc1
{[%clk 0:11:16]} Rh6 {[%clk 0:53:31]} 23. Bb4 {[%clk 0:11:32]} Rhe6
{[%clk 0:44:57]} 24. Bd2 {[%clk 0:12:01]} Qe7 {[%clk 0:41:33]} 25. Kf2
{[%clk 0:06:43]} Nf6 {[%clk 0:38:23]} 26. Ke1 {[%clk 0:06:41]} Ng4
{[%clk 0:37:48]} 27. Qc5 {[%clk 0:06:36]} Qxc5 {[%clk 0:36:16]} 28. dxc5
{[%clk 0:07:05]} R8e7 {[%clk 0:36:20]} 29. a5 {[%clk 0:06:12]} a6
{[%clk 0:34:32]} 30. Rc3 {[%clk 0:03:34]} Re4 {[%clk 0:30:27]} 31. g3
{[%clk 0:01:58]} Ra4 {[%clk 0:28:57]} 32. Bh3 {[%clk 0:01:59]} Rxa5
{[%clk 0:19:06]} 33. Bxg4 {[%clk 0:02:20]} hxg4 {[%clk 0:18:57]} 34. Kf2
{[%clk 0:01:52]} Rb5 {[%clk 0:18:16]} 35. b3 {[%clk 0:02:09]} Re5
{[%clk 0:17:21]} 36. Rhc1 {[%clk 0:02:30]} Be6 {[%clk 0:17:15]} 37. Rd3
{[%clk 0:01:07]} Bxb3 {[%clk 0:15:43]} 38. Rb1 {[%clk 0:00:53]} Be6
{[%clk 0:12:00]} 39. Rxb5 {[%clk 0:01:06]} cxb5 {[%clk 0:12:09]} 40. Bb4
{[%clk 0:31:07]} Rf5+ {[%clk 0:36:08]} 41. Kg1 {[%clk 0:31:23]} Bc4
{[%clk 0:35:03]} 42. Rd7 {[%clk 0:25:23]} Bxe2 {[%clk 0:29:46]} 43. Rxb7
{[%clk 0:25:52]} Rf1+ {[%clk 0:29:18]} 44. Kg2 {[%clk 0:26:21]} Rb1
{[%clk 0:27:46]} 45. Rb8+ {[%clk 0:26:50]} Kh7 {[%clk 0:28:08]} 46. Bc3
{[%clk 0:26:23]} Bf3+ {[%clk 0:27:44]} 47. Kf2 {[%clk 0:26:48]} Rh1
{[%clk 0:26:55]} 48. Rb6 {[%clk 0:25:55]} Rxh2+ {[%clk 0:26:56]} 49. Kf1
{[%clk 0:25:42]} Rc2 {[%clk 0:21:57]} 50. Bd4 {[%clk 0:17:25]} a5
{[%clk 0:19:12]} 51. Ke1 {[%clk 0:17:55]} b4 {[%clk 0:17:53]} 52. Rb5
{[%clk 0:17:16]} Re2+ {[%clk 0:17:50]} 53. Kf1 {[%clk 0:17:17]} Ra2
{[%clk 0:17:04]} 54. Rb6 {[%clk 0:17:33]} Rc2 {[%clk 0:14:54]} 55. Ke1
{[%clk 0:17:42]} Bd5 {[%clk 0:11:37]} 56. Rd6 {[%clk 0:17:15]} Be4
{[%clk 0:09:17]} 57. Rb6 {[%clk 0:17:03]} Rc4 {[%clk 0:09:05]} 58. Rb5
{[%clk 0:03:58]} a4 {[%clk 0:09:07]} 59. c6 {[%clk 0:04:21]} Bxc6
{[%clk 0:08:26]} 60. Rc5 {[%clk 0:04:47]} Rxc5 {[%clk 0:07:59]} 61. Bxc5
{[%clk 0:05:16]} b3 {[%clk 0:07:37]} 62. Kd2 {[%clk 0:03:00]} Kg6
{[%clk 0:07:42]} 63. Ba3 {[%clk 0:01:56]} Kf5 {[%clk 0:05:37]} 64. Kd3
{[%clk 0:02:26]} Ke6 {[%clk 0:04:43]} 65. Kd4 {[%clk 0:02:52]} f5
{[%clk 0:04:38]} 66. Bb2 {[%clk 0:02:44]} g5 {[%clk 0:04:08]} 67. Bc1
{[%clk 0:01:55]} Be8 {[%clk 0:02:25]} 68. Bb2 {[%clk 0:01:50]} f4
{[%clk 0:02:29]} 69. exf4 {[%clk 0:02:07]} gxf4 {[%clk 0:02:47]} 70. gxf4
{[%clk 0:02:32]} g3 {[%clk 0:02:18]} 71. Ke3 {[%clk 0:01:55]} Bc6
{[%clk 0:02:39]} 72. Bc1 {[%clk 0:01:10]} Kf5 {[%clk 0:02:58]} 73. Ke2
{[%clk 0:01:24]} Bg2 {[%clk 0:02:49]} 74. Kd3 {[%clk 0:01:16]} Kg4
{[%clk 0:03:01]} 75. Ke3 {[%clk 0:01:13]} Bd5 {[%clk 0:02:17]} 76. Ke2
{[%clk 0:01:32]} Kh3 {[%clk 0:02:12]} 77. f5 {[%clk 0:01:42]} Kh2
{[%clk 0:02:10]} 78. f6 {[%clk 0:02:05]} g2 {[%clk 0:02:18]} 79. f7
{[%clk 0:02:32]} Bxf7 {[%clk 0:02:42]} 80. Bf4+ {[%clk 0:02:58]} Kh1
{[%clk 0:02:57]} 0-1

[Event "Öppen"]
[Site "?"]
[Date "2012.05.18"]
[Round "2.2"]
[White "Norqvist, Axel Tiger"]
[Black "Qwarfort, Fredrik"]
[Result "1/2-1/2"]
[LiveChessVersion "1.3.1"]
[BlackElo "1757"]
[WhiteElo "2022"]

1. e4 {[%clk 1:30:56]} d6 {[%clk 1:30:49]} 2. d4 {[%clk 1:31:15]} Nf6
{[%clk 1:31:03]} 3. Nc3 {[%clk 1:31:37]} g6 {[%clk 1:31:21]} 4. Nf3
{[%clk 1:31:50]} Bg7 {[%clk 1:31:43]} 5. h3 {[%clk 1:32:03]} O-O {[%clk 1:31:36]}
6. Be2 {[%clk 1:32:14]} c5 {[%clk 1:31:51]} 7. d5 {[%clk 1:31:53]} b5
{[%clk 1:31:40]} 8. Bxb5 {[%clk 1:22:07]} Nxe4 {[%clk 1:31:25]} 9. Nxe4
{[%clk 1:20:44]} Qa5+ {[%clk 1:30:58]} 10. Nfd2 {[%clk 1:15:53]} Qxb5
{[%clk 1:30:52]} 11. c4 {[%clk 1:16:15]} Qb6 {[%clk 1:28:16]} 12. O-O
{[%clk 1:15:42]} Nd7 {[%clk 1:10:31]} 13. Re1 {[%clk 1:09:38]} Ba6
{[%clk 0:57:53]} 14. Qc2 {[%clk 1:08:25]} Rfe8 {[%clk 0:55:32]} 15. Rb1
{[%clk 1:03:09]} e6 {[%clk 0:48:34]} 16. Nc3 {[%clk 0:52:25]} Nf6
{[%clk 0:42:43]} 17. Nde4 {[%clk 0:43:23]} Nxe4 {[%clk 0:21:35]} 18. Rxe4
{[%clk 0:42:29]} f5 {[%clk 0:13:06]} 19. Rxe6 {[%clk 0:41:15]} Rxe6
{[%clk 0:13:28]} 20. dxe6 {[%clk 0:41:38]} Bxc4 {[%clk 0:13:08]} 21. Bf4
{[%clk 0:38:29]} Bxe6 {[%clk 0:12:34]} 22. Rd1 {[%clk 0:38:07]} Be5
{[%clk 0:08:21]} 23. Qe2 {[%clk 0:35:05]} Re8 {[%clk 0:03:56]} 24. Bxe5
{[%clk 0:34:45]} dxe5 {[%clk 0:04:25]} 25. Qxe5 {[%clk 0:28:22]} Bf7
{[%clk 0:04:54]} 26. Qd6 {[%clk 0:23:42]} Re1+ {[%clk 0:05:06]} 27. Kh2
{[%clk 0:22:44]} Rxd1 {[%clk 0:05:34]} 28. Qxd1 {[%clk 0:22:16]} Qxb2
{[%clk 0:06:01]} 29. Qe1 {[%clk 0:22:23]} a5 {[%clk 0:04:31]} 30. Qe3
{[%clk 0:20:27]} Bxa2 {[%clk 0:02:59]} 31. Qe8+ {[%clk 0:14:36]} Kg7
{[%clk 0:03:20]} 32. Qe5+ {[%clk 0:14:06]} Kg8 {[%clk 0:02:44]} 33. Qe8+
{[%clk 0:14:26]} 1/2-1/2

[Event "Öppen"]
[Site "?"]
[Date "2012.05.18"]
[Round "2.3"]
[White "Flyckt, Jakob"]
[Black "Lindström, Jan"]
[Result "0-1"]
[LiveChessVersion "1.3.1"]
[BlackElo "1496"]
[WhiteElo "1954"]

1. d4 e6 2. Nf3 Nc6 3. Bf4 Nf6 4. e3 b6 5. Bd3 Bb7 6. Nbd2 Ne7 7. e4 Ng6 8. Bg3
d6 9. c3 Be7 10. O-O Nd7 11. Qe2 O-O 12. a4 e5 13. a5 c6 14. a6 Bc8 15. Nc4 Qc7
16. h4 b5 17. Ne3 Nf6 18. Nf5 Nh5 19. dxe5 Nxg3 20. Nxg3 Nxe5 21. Nxe5 dxe5 22.
h5 Bc5 23. b4 Bb6 24. c4 Bd4 25. Ra2 Be6 26. Rc2 Qb6 27. cxb5 cxb5 28. Bxb5 Rab8
29. Bd3 Qxb4 30. Rcc1 Qa5 31. Nf5 Bxf5 32. exf5 Rb2 33. Qe4 Qb6 34. f6 g6 35. Qh4
e4 36. hxg6 fxg6 37. f7+ Kg7 38. Bc4 e3 39. Rfd1 exf2+ 40. Kf1 Be3 41. Ra1 Qc7
42. Rd3 Bg5 43. Qxg5 Qh2 44. Rd2 Qg1+ 45. Ke2 Rxd2+ 46. Qxd2 Qxa1 47. Kxf2 Qf6+
48. Kg1 Rd8 49. Qe2 Rd4 50. Bb3 Rh4 51. Qe3 Rf4 52. Qd3 Qe5 53. f8=Q+ Kxf8 54.
Qd8+ Kg7 55. Qd7+ Kf6 56. Qd8+ Qe7 57. Qh8+ Kg5 58. Qc3 Qf6 59. Qe3 Qd4 0-1

[Event "Öppen"]
[Site "?"]
[Date "2012.05.18"]
[Round "2.4"]
[White "Pettersson, Börje"]
[Black "Muganlinskij, Hussein"]
[Result "1-0"]
[LiveChessVersion "1.3.1"]
[BlackElo "1783"]
[WhiteElo "1922"]

1. e4 c6 2. d4 d5 3. exd5 cxd5 4. Bd3 Nc6 5. c3 Nf6 6. Bf4 Bg4 7. Qb3 Qc8 8. Nd2
e6 9. Ngf3 Be7 10. h3 Bh5 11. O-O O-O 12. a4 Bg6 13. Bxg6 hxg6 14. a5 Bd8 15. a6
b6 16. Ne5 Nxe5 17. Bxe5 g5 18. f3 Bc7 19. Rfe1 Re8 20. Nf1 Nh5 21. g3 f6 22.
Bxc7 Qxc7 23. Kg2 Kf7 24. Re3 Rh8 25. Rae1 Rae8 26. Qb5 Re7 27. b3 Rc8 28. c4
dxc4 29. d5 e5 30. Rc3 Qd6 31. bxc4 Rc5 32. Qb1 g6 33. Qb2 Rec7 34. Nd2 f5 35.
Rce3 e4 36. fxe4 f4 37. e5 Qd8 38. Rf3 Nxg3 39. d6 Ke6 40. dxc7 Qxc7 41. Rd3 Nf5
42. Rd6+ Ke7 43. Kh2 Nh4 44. Rd5 Rc6 45. e6 f3+ 46. Qe5 Ke8 1-0

[Event "Öppen"]
[Site "?"]
[Date "2012.05.18"]
[Round "2.5"]
[White "Wiklund, Johan"]
[Black "Persson, Börje"]
[Result "0-1"]
[LiveChessVersion "1.3.1"]
[BlackElo "1820"]
[WhiteElo "1858"]

1. Nf3 d5 2. c4 e6 3. d4 Nf6 4. Bg5 Be7 5. Nc3 O-O 6. e3 Ne4 7. Bxe7 Qxe7 8. Qc2
Nxc3 9. Qxc3 Nd7 10. cxd5 Nf6 11. dxe6 Bxe6 12. Bd3 Bd5 13. a3 a5 14. Rc1 c6 15.
Qc2 Rfe8 16. Qe2 h6 17. O-O Ne4 18. Rfe1 Ng5 19. Ne5 Ne4 20. Qc2 Nf6 21. f4 Nd7
22. Bf5 Nxe5 23. fxe5 Qg5 24. Qf2 Be6 25. Bd3 Rf8 26. Bc4 Qe7 27. Qc2 Bxc4 28.
Qxc4 Kh7 29. Qd3+ Kh8 30. Rf1 Rad8 31. Rc5 Qxc5 32. dxc5 Rxd3 33. e6 f6 0-1

[Event "Öppen"]
[Site "?"]
[Date "2012.05.18"]
[Round "3.1"]
[White "Olsson, Simon"]
[Black "Pettersson, Börje"]
[Result "1-0"]
[LiveChessVersion "1.3.1"]
[BlackElo "1922"]
[WhiteElo "2129"]

1. d4 {[%clk 1:30:58]} Nf6 {[%clk 1:30:47]} 2. Bg5 {[%clk 1:31:26]} Ne4
{[%clk 1:29:00]} 3. Bf4 {[%clk 1:31:30]} d5 {[%clk 1:27:49]} 4. f3
{[%clk 1:31:36]} Nf6 {[%clk 1:25:31]} 5. e4 {[%clk 1:30:57]} dxe4
{[%clk 1:21:27]} 6. Nc3 {[%clk 1:30:46]} c5 {[%clk 1:17:48]} 7. dxc5
{[%clk 1:15:20]} Qa5 {[%clk 1:15:33]} 8. Bxb8 {[%clk 0:52:15]} Rxb8
{[%clk 1:15:47]} 9. Qd4 {[%clk 0:52:00]} a6 {[%clk 1:08:18]} 10. fxe4
{[%clk 0:47:32]} e6 {[%clk 1:03:30]} 11. b4 {[%clk 0:41:32]} Qa3 {[%clk 1:02:32]}
12. Rb1 {[%clk 0:19:07]} Be7 {[%clk 0:31:51]} 13. Nge2 {[%clk 0:18:13]} e5
{[%clk 0:31:57]} 14. Qxe5 {[%clk 0:17:30]} Nd7 {[%clk 0:31:24]} 15. Qf4
{[%clk 0:13:58]} g5 {[%clk 0:15:41]} 16. Qd2 {[%clk 0:12:53]} Nxc5
{[%clk 0:13:59]} 17. bxc5 {[%clk 0:11:24]} Bg4 {[%clk 0:13:55]} 18. Qd4
{[%clk 0:08:40]} O-O {[%clk 0:13:17]} 19. Nd5 {[%clk 0:05:12]} Bxc5
{[%clk 0:13:03]} 20. Qc3 {[%clk 0:05:06]} Qxc3+ {[%clk 0:11:11]} 21. Nexc3
{[%clk 0:05:21]} f5 {[%clk 0:11:29]} 22. Bd3 {[%clk 0:04:41]} Rbe8
{[%clk 0:10:34]} 23. Kd2 {[%clk 0:04:25]} Bd6 {[%clk 0:07:21]} 24. h3
{[%clk 0:03:36]} Bh5 {[%clk 0:06:22]} 25. exf5 {[%clk 0:03:48]} 1-0

[Event "Öppen"]
[Site "?"]
[Date "2012.05.18"]
[Round "3.2"]
[White "Rosberg, Simon"]
[Black "Lindström, Jan"]
[Result "1-0"]
[LiveChessVersion "1.3.1"]
[BlackElo "1496"]
[WhiteElo "2266"]

1. Nf3 {[%clk 1:30:51]} Nf6 {[%clk 1:29:53]} 2. c4 {[%clk 1:31:12]} Nc6
{[%clk 1:30:00]} 3. d4 {[%clk 1:31:36]} e6 {[%clk 1:30:18]} 4. a3
{[%clk 1:32:03]} d6 {[%clk 1:30:11]} 5. Nc3 {[%clk 1:32:23]} Be7 {[%clk 1:30:16]}
6. e4 {[%clk 1:32:47]} e5 {[%clk 1:30:25]} 7. d5 {[%clk 1:33:09]} Nb8
{[%clk 1:30:29]} 8. Bd3 {[%clk 1:33:10]} h6 {[%clk 1:26:08]} 9. Be3
{[%clk 1:19:02]} b6 {[%clk 1:22:02]} 10. h3 {[%clk 1:18:31]} Nbd7
{[%clk 1:19:56]} 11. O-O {[%clk 1:17:51]} Nh7 {[%clk 1:18:19]} 12. Ne2
{[%clk 1:13:39]} Ng5 {[%clk 1:16:55]} 13. Nd2 {[%clk 1:13:30]} Nc5
{[%clk 1:14:20]} 14. Bc2 {[%clk 1:12:42]} a5 {[%clk 1:13:56]} 15. Rb1
{[%clk 1:11:54]} O-O {[%clk 1:13:53]} 16. Ng3 {[%clk 1:10:31]} Nh7
{[%clk 1:09:30]} 17. b4 {[%clk 1:09:40]} Nd7 {[%clk 1:09:24]} 18. Nf3
{[%clk 1:08:58]} Ng5 {[%clk 1:08:18]} 19. Nh2 {[%clk 0:58:18]} Nf6
{[%clk 1:05:18]} 20. h4 {[%clk 0:54:11]} Ngh7 {[%clk 1:03:51]} 21. Nf5
{[%clk 0:53:25]} Bxf5 {[%clk 1:02:41]} 22. exf5 {[%clk 0:53:54]} h5
{[%clk 1:02:14]} 23. g3 {[%clk 0:50:20]} axb4 {[%clk 1:00:02]} 24. axb4
{[%clk 0:49:58]} Qd7 {[%clk 1:00:13]} 25. b5 {[%clk 0:35:33]} e4 {[%clk 0:59:01]}
26. f3 {[%clk 0:29:54]} Ra3 {[%clk 0:56:04]} 27. Qe1 {[%clk 0:19:38]} Qxf5
{[%clk 0:53:55]} 28. fxe4 {[%clk 0:18:41]} Qd7 {[%clk 0:52:45]} 29. Bc1
{[%clk 0:17:53]} Ra7 {[%clk 0:52:15]} 30. Nf3 {[%clk 0:15:44]} Ng4
{[%clk 0:51:28]} 31. e5 {[%clk 0:13:33]} dxe5 {[%clk 0:50:43]} 32. Nxe5
{[%clk 0:13:25]} Nxe5 {[%clk 0:49:36]} 33. Qxe5 {[%clk 0:13:53]} Bf6
{[%clk 0:47:57]} 34. Qxh5 {[%clk 0:11:31]} g6 {[%clk 0:46:31]} 35. Qf3
{[%clk 0:11:47]} Bd4+ {[%clk 0:46:09]} 36. Kg2 {[%clk 0:11:39]} f5
{[%clk 0:44:33]} 37. Re1 {[%clk 0:11:19]} Nf6 {[%clk 0:44:21]} 38. Qf4
{[%clk 0:07:41]} Bc5 {[%clk 0:43:55]} 39. Qg5 {[%clk 0:06:18]} Qf7
{[%clk 0:43:36]} 40. Bxf5 {[%clk 0:32:16]} 1-0

[Event "Öppen"]
[Site "?"]
[Date "2012.05.18"]
[Round "3.3"]
[White "Flyckt, Jakob"]
[Black "Norqvist, Axel Tiger"]
[Result "1/2-1/2"]
[LiveChessVersion "1.3.1"]
[BlackElo "2022"]
[WhiteElo "1954"]

1. d4 Nf6 2. c4 g6 3. Nc3 Bg7 4. e4 d6 5. f4 O-O 6. Nf3 c5 7. Be2 Qa5 8. O-O cxd4
9. Nxd4 Nc6 10. Be3 Bd7 11. Nb3 Qd8 12. f5 Ne5 13. Qe1 Qc8 14. Nd5 Nxd5 15. cxd5
Qc2 16. Qd2 Rfc8 17. fxg6 hxg6 18. Qxc2 Rxc2 19. Bd1 Rxb2 20. Bc1 Rxb3 21. axb3
Nf3+ 22. Bxf3 Bxa1 23. Be3 Bc3 24. Rc1 Rc8 25. Be2 a6 26. Kf1 Be5 27. Rxc8+ Bxc8
28. h3 b5 29. Bd2 e6 30. Bd3 Bb7 31. dxe6 fxe6 32. Bb4 Kf7 33. Ke2 d5 34. Ke3 d4+
35. Kf3 Bc7 36. Bc5 e5 37. g4 Bc8 38. Ke2 Be6 39. Bc2 a5 40. Kd3 Kf6 41. Ke2 b4
42. Bf8 Bd8 43. Bd6 Bd7 44. Bd3 g5 45. Kd2 Be7 46. Bc7 a4 47. bxa4 Bxa4 48. Kc1
Bb3 49. Be2 Be6 50. Kb2 Bc5 51. Bd3 b3 52. Bd8+ Be7 53. Ba5 Bd6 54. Bd8+ Kg6 55.
Ba5 Kf7 56. Bd8 Be7 57. Ba5 Bf6 58. Bb4 Be7 59. Ba5 Bf6 1/2-1/2

[Event "Öppen"]
[Site "?"]
[Date "2012.05.18"]
[Round "3.4"]
[White "Qwarfort, Fredrik"]
[Black "Persson, Börje"]
[Result "1-0"]
[LiveChessVersion "1.3.1"]
[BlackElo "1820"]
[WhiteElo "1757"]

1. d4 Nf6 2. c4 e6 3. Nf3 d5 4. g3 c5 5. cxd5 exd5 6. Bg2 Nc6 7. O-O cxd4 8. Nxd4
Be7 9. Nc3 O-O 10. Bg5 h6 11. Bxf6 Bxf6 12. Nb3 Bxc3 13. bxc3 Be6 14. Nc5 Qe7 15.
Nxe6 fxe6 16. e4 dxe4 17. Bxe4 Rad8 18. Qe2 Rd6 19. Rad1 Rfd8 20. Rxd6 Rxd6 21.
Bc2 e5 22. Qc4+ Qf7 23. Qe4 Kf8 24. Bb3 Qg6 25. Qc4 Na5 26. Qc8+ Qe8 27. Qc5 Qd8
28. Rd1 Ke7 29. Qxe5+ 1-0

[Event "Öppen"]
[Site "?"]
[Date "2012.05.18"]
[Round "3.5"]
[White "Muganlinskij, Hussein"]
[Black "Wiklund, Johan"]
[Result "1-0"]
[LiveChessVersion "1.3.1"]
[BlackElo "1858"]
[WhiteElo "1783"]

1. d4 e6 2. Nf3 Nf6 3. Bg5 c5 4. e3 Qb6 5. Qc1 Ne4 6. Bf4 Nc6 7. c3 d5 8. Bd3 f5
9. Nbd2 Be7 10. h4 Bd7 11. O-O O-O 12. Be2 Rac8 13. Re1 cxd4 14. exd4 Bf6 15. Be3
f4 16. Bxf4 Nxd4 17. Nxe4 dxe4 18. Ne5 Nxe2+ 19. Rxe2 Bb5 20. Rxe4 Bxh4 21. Qe3
Rc5 22. Nf3 Be7 23. Rxe6 Qd8 24. Rxe7 Rcf5 25. Bg3 Bc6 26. Nd4 {[%clk 0:52:58]}
1-0